Group discussion and interview skills / (Record no. 191496)
[ view plain ]
| 000 -LEADER | |
|---|---|
| fixed length control field | 00543nam a2200193Ia 4500 |
| 005 - DATE AND TIME OF LATEST TRANSACTION | |
| control field | 20250205105325.0 |
| 008 - FIXED-LENGTH DATA ELEMENTS--GENERAL INFORMATION | |
| fixed length control field | 210716s2011 xx 000 0 und d |
| 020 ## - INTERNATIONAL STANDARD BOOK NUMBER | |
| International Standard Book Number | 9788175967847 |
| 040 ## - CATALOGING SOURCE | |
| Transcribing agency | AIMIT LIBRARY |
| 041 ## - LANGUAGE CODE | |
| Language code of text/sound track or separate title | eng |
| 082 ## - DEWEY DECIMAL CLASSIFICATION NUMBER | |
| Classification number | 158.39 |
| Edition number | 1 |
| Item number | PATP |
| 100 ## - MAIN ENTRY--PERSONAL NAME | |
| Personal name | Patnaik, Priyadarshi. |
| 9 (RLIN) | 96919 |
| 245 ## - TITLE STATEMENT | |
| Title | Group discussion and interview skills / |
| 250 ## - EDITION STATEMENT | |
| Edition statement | 1st ed. |
| 260 ## - PUBLICATION, DISTRIBUTION, ETC. | |
| Place of publication, distribution, etc. | New Delhi : |
| Name of publisher, distributor, etc. | Foundation Press, |
| Date of publication, distribution, etc. | 2011. |
| 300 ## - PHYSICAL DESCRIPTION | |
| Extent | v;200p. : |
| Other physical details | PB: |
| Dimensions | 24 cm. |
| 650 ## - SUBJECT ADDED ENTRY--TOPICAL TERM | |
| Topical term or geographic name entry element | Aptitude |
| 9 (RLIN) | 96920 |
| 942 ## - ADDED ENTRY ELEMENTS (KOHA) | |
| Source of classification or shelving scheme | Dewey Decimal Classification |
| Koha item type | Book |
| Edition | 1st |
| Call number prefix | 158.39 PATP |
| Withdrawn status | Lost status | Source of classification or shelving scheme | Damaged status | Not for loan | Collection code | Home library | Current library | Source of acquisition | Cost, normal purchase price | Inventory number | Total Checkouts | Full call number | Barcode | Date last seen | Cost, replacement price | Price effective from | Koha item type | Date last checked out |
|---|---|---|---|---|---|---|---|---|---|---|---|---|---|---|---|---|---|---|
| Dewey Decimal Classification | MCA | St Aloysius Institute of Management & Information Technology | St Aloysius Institute of Management & Information Technology | Higginbothams Pvt Ltd | 200.00 | Bill no:1543; Bill dt:2011-08-18 | 158.39 PATP | MCA11004 | 05/23/2026 | 150.00 | 07/16/2021 | Book | ||||||
| Dewey Decimal Classification | MCA | St Aloysius Institute of Management & Information Technology | St Aloysius Institute of Management & Information Technology | Higginbothams Pvt Ltd | 200.00 | Bill no:1543; Bill dt:2011-08-18 | 1 | 158.39 PATP | MCA11005 | 05/23/2026 | 150.00 | 07/16/2021 | Book | 06/01/2023 |